• 首页
  • 本馆介绍
  • 公告通知
  • 最新文献
  • 馆藏检索
  • 电子资源
  • 读者导购
  • 参考咨询
  • 我的图书馆
  • 登录
  • 详细信息显示
  • 放入我的书架
  • 预约/预借图书
  • 作者相关作品
  • 分类相关作品
  • 丛书相关作品
  • 出版社相关作品

书目信息

  • 表格格式
  • 工作单格式
  • 卡片格式
题名:
开滦煤矿档案史料集
    
 
作者: 李保平 , 邓子平 , 韩小白 主编
分册: 1   开平矿务编
出版信息: 石家庄   河北教育出版社  2012
页数: 681页
开本: 26cm
丛书名:
单 册:
中图分类: F426.21
科图分类:
主题词: 煤矿--档案资料--唐山--1876-1912--汇编 , 煤矿 , 档案资料
电子资源:
ISBN: 978-7-5434-9807-5
000 01241nam0 2200325 450
000 01204nam0 2200313 450
000 01264nam0 2200313 45
001 0182000101
005 20150323082029.35
010    @a978-7-5434-9807-5@b精装@dCNY196.66
100    @a20130425d2012 em y0chiy50 ea
101 0  @achi
102    @aCN@b130000
105    @aa z 000yy
106    @ar
200 1  @a开滦煤矿档案史料集@9kai luan mei kuang dang an shi liao ji@e一八七六-一九一二@h1@i开平矿务编@f李保平,邓子平,韩小白主编
210    @a石家庄@c河北教育出版社@d2012
215    @a681页@c照片@d26cm
300    @a“十二五”国家重点出版规划项目 二○一一年度全国古籍整理出版规划资助项目
330    @a本书收录1876至1912年开平、滦州两矿的档案史料,包括奏折、批复、照会、咨文、信函、电报、计划、合同、契约、规章、新闻报道、会议纪录、调查报告等。
606 0  @a煤矿@x档案资料@y唐山@x1876-1912@j汇编
606 0  @a煤矿
606 0  @a档案资料
690    @aF426.21@v5
701  0 @a李保平@9li bao ping@c(编辑)@4主编
701  0 @a邓子平@9deng zi ping@f(1948~)@4主编
701  0 @a韩小白@9han xiao bai@f(1953~)@4主编
801  0 @aCN@b91MARC@c20130904
905    @b0847770@dF426.21@e140:1@f1
    
    开滦煤矿档案史料集:一八七六-一九一二.1.开平矿务编/李保平,邓子平,韩小白主编.-石家庄:河北教育出版社,2012
    681页:照片;26cm
    “十二五”国家重点出版规划项目 二○一一年度全国古籍整理出版规划资助项目
    
    ISBN 978-7-5434-9807-5(精装):CNY196.66
    本书收录1876至1912年开平、滦州两矿的档案史料,包括奏折、批复、照会、咨文、信函、电报、计划、合同、契约、规章、新闻报道、会议纪录、调查报告等。
●
相关链接 在E读中查询图书 在五车中查询图书 在当当中查询图书 在豆瓣中查询图书


正题名:开滦煤矿档案史料集     索取号:F426.21/140:1         预约/预借

序号 登录号 条形码 馆藏地/架位号 状态 备注
1 0847770   208477708   地方文献典藏中心/ [索取号:F426.21/140:1] 在馆    
唐山师范学院图书馆 欢迎您!
大连网信软件有限公司© 版权所有